A modular and extensible network storage architecture

Αποθηκεύτηκε σε:
Λεπτομέρειες βιβλιογραφικής εγγραφής
Κύριος συγγραφέας: Lo, Sai-Lai
Μορφή: Βιβλίο
Γλώσσα:English
Δημοσίευση: Cambridge : Cambridge University Press, 1995
Σειρά:Distinguished dissertations in computer science ; ; 11
Θέματα:
Ετικέτες: Προσθήκη ετικέτας
Δεν υπάρχουν, Καταχωρήστε ετικέτα πρώτοι!

MARC

LEADER 00000nam a2200000 i 4500
001 1/95605
008 991211s1995 eng d
020 |a 0521551153 
035 |l 10055384 
040 |a GR-MY-UA  |b gre  |e aacr 
041 0 |a eng 
082 0 |a 004.5 
100 1 |a Lo, Sai-Lai. 
245 1 2 |a A modular and extensible network storage architecture /  |c Sai-Lai Lo 
260 |a Cambridge :   |b Cambridge University Press,   |c 1995 
300 |a xix, 132 p.;  |b ill.;  |c 26 cm. 
490 1 |a Distinguished dissertations in computer science 
650 0 0 |a Computer storage devices. 
830 0 |a Distinguished dissertations in computer science ;  |v ; 11 
852 |a INST  |b SAMOS  |e 19991211  |h 004.5 LOS  |p 005300016456  |q 005300016456  |t BK  |y 0 
901 |a BIBL3-1999-3 
909 |a Σ  |b 070950 
922 |a 3ΕΛΗ  |b 199911  |c ΤΠΕΣ  |d ΠΑΠΑΣΩΤΗΡΙΟΥ 
970 |a ΓΕΝΟΥΖΟΥ  |b ΧΡΥΣΑΝΘΗ  |z 1999/12/11